| 000 | 00845nac a22002411u 4500 | ||
|---|---|---|---|
| 003 | EG-ScBUE | ||
| 005 | 20221010103640.0 | ||
| 008 | 100810s1969 ua a f b 000 0 ara d | ||
| 017 | _a1969 / 5232 | ||
| 040 |
_aEG-ScBUE _bara _erda _cEG-ScBUE _dEG-ScBUE |
||
| 043 | _af-ua--- | ||
| 082 | 0 | 4 |
_a709.1962 _bف ن إ _222 |
| 110 | 2 |
_aوزارة الثقافة، _eمؤلف. _916378 |
|
| 245 | 1 | 2 |
_aالفن الإسلامي في مصر / _cوزارة الثقافة. |
| 264 | 1 |
_aالقاهرة : _bوزارة الثقافة، _c1969. |
|
| 300 |
_a467، 28 صفحة : _bإيضاحيات ؛ _c24 سم |
||
| 504 | _aيشتمل على إرجاعات ببليوجرافية. | ||
| 541 |
_cشراء؛ _aألف باء ؛ |
||
| 650 | 7 |
_aالفن الإسلامي _zمصر. _2BUEsh _917385 |
|
| 653 | _bART | ||
| 655 | _vReading book | ||
| 942 |
_cBB _2ddc |
||
| 999 |
_c6053 _d6053 |
||